000 01046nam a2200253 a 4500
001 85839
003 BD-RjUL
005 20251012140816.0
008 251012s1984 bg ||||| |||| 00| 0 ben d
035 _a(BD-RjUL)85839
040 _aBD-RjUL
_beng
_cBD-RjUL
041 _aben
082 _223
_a320.95492
_bYUB 1984
100 _aইউসুফ, মনিরউদ্দীন
_917148
245 _aবাংলাদেশের সার্বিক অগ্রগতির লক্ষে একটি প্রস্তাব
_cমনিরউদ্দীন ইউসুফ
300 _a১২৮ পৃ.;
_c২২ সেমি.
650 _aরাজনৈতিক পরিস্থিতি
_zবাংলাদেশ
_917149
650 _aPolitical Situation and Cnditions
_yBangladesh
_917150
650 _aঅর্থনৈতিক উন্নয়ন
_zবাংলাদেশ
_917151
650 _aEconomic Development
_zBangladesh
651 _aবাংলাদেশ
651 _aBangladesh
942 _2ddc
_cBK
999 _c85839
_d85839